Runasimi (gramática Quechua crítico-comparada) / (Registro nro. 3076)

000 -CABECERA
campo de control de longitud fija 00841nam a2200205 4500
005 - FECHA Y HORA DE LA ÚLTIMA TRANSACCIÓN
campo de control 20211215214605.0
008 - DATOS DE LONGITUD FIJA--INFORMACIÓN GENERAL
campo de control de longitud fija 211215s1980 spa |||fr|||| 001 0 spa d
040 ## - FUENTE DE LA CATALOGACIÓN
Centro catalogador/agencia de origen CENDOC CAAAP
Lengua de catalogación spa
Centro/agencia transcriptor CAAAP
041 ## - CÓDIGO DE LENGUA
Código de lengua del texto/banda sonora o título independiente spa
050 ## - SIGNATURA TOPOGRÁFICA DE LA BIBLIOTECA DEL CONGRESO
Número de clasificación PM 6303
Número de documento/Ítem .P59
100 ## - ENTRADA PRINCIPAL--NOMBRE DE PERSONA
9 (RLIN) 4558
Nombre personal Pino Duran, A. Germán
245 ## - MENCIÓN DE TÍTULO
Título Runasimi (gramática Quechua crítico-comparada) /
Mención de responsabilidad, etc. A. Germán Pino Duran
250 ## - MENCIÓN DE EDICIÓN
Mención de edición 3ra. ed.
260 ## - PUBLICACIÓN, DISTRIBUCIÓN, ETC.
Lugar de publicación, distribución, etc. Concepción :
Nombre del editor, distribuidor, etc. San Fernando,
Fecha de publicación, distribución, etc. 1980
300 ## - DESCRIPCIÓN FÍSICA
Extensión 169 p.
505 1# - NOTA DE CONTENIDO CON FORMATO
Nota de contenido con formato Contiene : Proemios -- Nociones generales -- Analogia o morfologia -- Partes de la oracion -- El adjetivo -- El pronombre -- El verbo -- El adverbio -- La posposición -- La interjección -- Oraciones -- La versificación -- Afijos quechuas -- Vocabulario
650 10 - PUNTO DE ACCESO ADICIONAL DE MATERIA--TÉRMINO DE MATERIA
9 (RLIN) 4358
Término de materia o nombre geográfico como elemento de entrada Gramática
650 20 - PUNTO DE ACCESO ADICIONAL DE MATERIA--TÉRMINO DE MATERIA
9 (RLIN) 3190
Término de materia o nombre geográfico como elemento de entrada Lengua quechua
942 ## - ELEMENTOS PERSONALIZADOS KOHA
Fuente del sistema de clasificación o colocación
Fecha de catalogación 15- 12 - 21
Tipo de ítem Koha Libros
Existencias
Fuente del sistema de clasificación o colocación Localización permanente Ubicación/localización actual Fecha de adquisición Número de inventario Total de préstamos Signatura LC Fecha visto por última vez Tipo de ítem Koha
  CENTRO DE DOCUMENTACIÓN (CENDOC) CENTRO DE DOCUMENTACIÓN (CENDOC) 12/15/2021 000182   PM 6303 .P59 12/15/2021 Libros
Centro de Documentación CAAAP | AV. Manuel González Prada 626, Magdalena del Mar | (51-1) 4615223 Anexo 205 y 209 | cendoc@caaap.org.pe